000 00364nam a2200133Ia 4500
001 3599
008 241024s9999 xx 000 0 und d
082 _a305.2/UN56a/2013
100 _aUNESCO
245 0 _aAgenda Educacional Post 2015 América Latina y el Caribe, 29-30 de enero 2013
260 _bMéxico
_c2013
901 _a9/1/2014 2:19:50 p.m.
999 _c11222
_d11222